000 01414nam0a2200289 4500
001 RU\NLR\BIBL_A\011687900
005 20260628174055.0
035 _a(NLR Aleph) 011687900
090 _a13740229
_c13740229
100 _a20180423d1985 k y0rusy50 ca
101 0 _arus
102 _aUA
105 _ay z 000zy
200 1 _aМетодические рекомендации по технологии выращивания ремонтных телок в специализированных хозяйствах
_fУкр. НИИ разведения и искусств. осеменения круп. рогатого скота
_g[разраб. Гавриленко Н.С. и др.]
210 _aКиев
_c[б.и.]
_d1985
215 _a57 с.
_d20
320 _aБиблиогр.: с. 56 (10 назв.)
606 1 _aКоровы
_xРемонтный молодняк
_xВыращивание
_92364772
_3RU\NLR\AUTH\6601634030
686 1 _aП60-44
702 1 _aГавриленко
_bН. С.
712 0 2 _4570
_aУкраинский НИИ разведения и искусственного осеменения крупного рогатого скота
_cБровары
_9509644
_3RU\NLR\AUTH\8810006095
852 _aNLR
_j86-4/4976
942 _cBOOK
980 _aNB